| 000 -LEADER |
| fixed length control field |
00598cam a22002291 4500 |
| 001 - CONTROL NUMBER |
| control field |
8913628 |
| 005 - DATE AND TIME OF LATEST TRANSACTION |
| control field |
20180315044719.0 |
| 008 - FIXED-LENGTH DATA ELEMENTS--GENERAL INFORMATION |
| fixed length control field |
740322s1963 nyu 000 0 eng |
| 010 ## - LIBRARY OF CONGRESS CONTROL NUMBER |
| LC control number |
63011486 |
| 035 ## - SYSTEM CONTROL NUMBER |
| System control number |
(OCoLC)838288 |
| 040 ## - CATALOGING SOURCE |
| Original cataloging agency |
DLC |
| Transcribing agency |
RUn |
| Modifying agency |
OCoLC |
| -- |
DLC |
| 041 1# - LANGUAGE CODE |
| Language code of text/sound track or separate title |
eng |
| 042 ## - AUTHENTICATION CODE |
| Authentication code |
premarc |
| 080 ## - UNIVERSAL DECIMAL CLASSIFICATION NUMBER |
| Universal Decimal Classification number |
701.17 |
| 082 ## - DEWEY DECIMAL CLASSIFICATION NUMBER |
| Classification number |
701.17 SAR |
| 100 1# - Rafti |
| Rafti |
45 |
| 101 ## - Shkurtesa |
| Shkurtesa |
MUZ |
| 240 10 - UNIFORM TITLE |
| Uniform title |
<a href="Essays.">Essays.</a> |
| Form subheading |
Selections. |
| Language of a work |
English |
| 245 10 - TITLE STATEMENT |
| Title |
Essays in aesthetics. |
| Statement of responsibility, etc |
Selected and translated by Wade Baskin. |
| 906 ## - LOCAL DATA ELEMENT F, LDF (RLIN) |
| a |
7 |
| b |
cbc |
| c |
oclcrpl |
| d |
u |
| e |
ncip |
| f |
19 |
| g |
y-gencatlg |
| 942 ## - ADDED ENTRY ELEMENTS (KOHA) |
| Source of classification or shelving scheme |
|
| Item type |
Books |